01467nas a2200445 i 4500001000700000003000700007005001700014007000300031008004100034010000900075015001200084017004900096022001800145035002100163035002200184035002300206037009500229040003900324080000800363080001000371130002400381222001400405245004800419246001500467260006300482300001600545310003900561321002100600336003200621337003100653362001000684588004500694650001800739650001000757655001300767710003100780776008100811852010700892866002200999196113SpMaBN20250824012602.0ta240813c20199999sp ar p 0 b0spa  anb0 aREV2103 aTO 415-2019bOficina Depósito Legal Toledo0 a2990-36102_u a(SpMaBN)a6910069 a(OCoLC)1262503046 a991035555099708606 bArroyada, 16, 45100; tf. 638819714; c.e.: redaccion@masescena.es, p. web: www.masescena.es aSpMaBNbspacSpMaBNerdcdES-MaACL a792 a792.80 aMasescena (Sonseca) 0aMasescena10aMasescena :bteatro, danza, circo : anuario3 aMas escena aSonseca, Toledo :bAsociación Torre Tolanca,cD.L. 2019- av. ;c30 cm atrimestralbjun. 2023-(2024)-2025- aAnualb2018-2021 aTexto (visual)2isbdcontent asin mediación2isbdmedia0 a2018- aDescripción basada en: n.1 (jun. 2023) 7aTeatro2embne 7aDanza 7aRevistas2 aAsociación Torre Tolanca08iVersión en líneatMasescena (Internet) =xISSN 2990-36290196115w196115 aES-MaACLcHEMjHEM-1929hDonación: Editorial zRevista viva, no se expurgazCasillero actual: Cº 32 o2023-(2024)-2025-